Statistics for Highest IQ U.S. Presidents

Click here to take the quiz!

General Stats

  • This quiz has been taken 27 times
    (14 since last reset)
  • The average score is 11 of 15

Answer Stats

HintAnswer% Correct
140Abraham Lincoln
90%
142.5John Adams
90%
168.75John Quincy Adams
90%
153.75Thomas Jefferson
90%
148.8Bill Clinton
80%
139.6Franklin D. Roosevelt
80%
141.5James Garfield
80%
150.7John F. Kennedy
80%
142.3Theodore Roosevelt
80%
141.5Jimmy Carter
70%
145.1Woodrow Wilson
70%
141.25James Madison
60%
141.5Chester Arthur
50%
136.2John Tyler
50%
136Millard Fillmore
50%

Score Distribution

Percentile by Number Answered

Percent of People with Each Score

Your Score History

You have not taken this quiz since the last reset